"Don't Cry for Me Argentina" Lyrics - Statistics

General Stats
  • This quiz has been taken 15 times
  • The average score is 20 of 38
Answer Stats
Lyrics % Correct
Don't cry for me Argentina
100%
Don't cry for me Argentina
100%
Don't cry for me Argentina
100%
The truth is, I never left you
71%
The truth is, I never left you
71%
That I still need your love after all that I've done
57%
When I try to explain how I feel
57%
All through my wild days
50%
All through my wild days
50%
All you will see is a girl you once knew
50%
Although she's dressed up to the nines
50%
At sixes and sevens with you
50%
But nothing impressed me at all
50%
Don't keep your distance
50%
Don't keep your distance
50%
I had to let it happen, I had to change
50%
I kept my promise
50%
I kept my promise
50%
I love you and hope you love me
50%
I never expected it to
50%
It won't be easy, you'll think it's strange
50%
Looking out of the window, staying out of the sun
50%
My mad existence
50%
My mad existence
50%
Running around, trying everything new
50%
So I chose freedom
50%
The answer was here all the time
50%
They are illusions
50%
They're not the solutions they promised to be
50%
You won't believe me
50%
And as for fortune, and as for fame
43%
But all you have to do is look at me to know
43%
I never invited them in
43%
That every word is true
43%
There's nothing more I can think of to say to you
43%
Couldn't stay all my life down at heel
36%
Have I said too much?
36%
Though it seemed to the world, they were all I desired
36%
No matching quizzes found
Score Distribution
Percent of People with Each Score
Percentile by Number Answered
Your Score History
You have not taken this quiz